Mejor futbolista por cada país - Estadísticas

Estadísticas generales
  • Esta prueba ha sido intentada 116 veces
    79 desde el último reinicio
  • La puntuación promedio es 23 de 36
Estadísticas de respuestas
Hint Respuesta % Correcto
Portugal Cristiano Ronaldo
100%
Argentina Lionel Messi
100%
España Andrés Iniesta
94%
Camerún Samuel Eto'o
89%
Uruguay Luis Suárez
84%
Egipto Mohamed Salah
84%
Gales Garet Bale
81%
Costa Rica Keylor Navas
81%
Brasil Pelé
79%
México Hugo Sánchez
76%
Corea del Sur Heung-min Son
75%
Suecia Zlatan Ibrahimovic
75%
Bélgica Kevin De Bruyne
73%
Francia Michel Platini
71%
Polonia Robert Lewandowski
71%
Senegal Sadio Mané
71%
Hungría Ferenc Puskás
70%
Paises Bajos Johan Cruyff
67%
Croacia Luka Modrić
67%
Chile Alexis Sánchez
65%
Costa de marfil Didier Drogba
65%
Italia Paolo Maldini
63%
Ucrania Andriy Shevchenko
62%
Inglaterra Bobby Charlton
57%
Colombia Carlos Valderrama
56%
Rusia Lev Yashin
56%
Liberia George Weah
52%
Eslovenia Jan Oblak
51%
Irlanda del Norte George Best
48%
El Salvador Mágico Gonzalez
41%
Rumania Gheorghe Hagi
35%
Perú Teófilo Cubillas
32%
Argelia Riyad Mahrez
30%
Bulgaria Hristo Stoichkov
27%
Georgia Khvicha Kvaratskhelia
22%
Japon Hidetoshi Nakata
16%
No se encontraron pruebas coincidentes
Distribución de puntuación
Porcentaje de gente con cada puntuación
Porcentaje por número respondido
Historial de tus puntuaciones
No has intentado esta prueba desde el último reinicio